Strategy for sustainable construction (Record no. 108368)

MARC details
000 -LEADER
fixed length control field 01317cad a22002295a 4500
001 - CONTROL NUMBER
control field L144055
008 - FIXED-LENGTH DATA ELEMENTS--GENERAL INFORMATION
fixed length control field 080402s2008 xxk f f000 0 eng d
035 ## - SYSTEM CONTROL NUMBER
System control number (Sirsi) u144055
041 0# - LANGUAGE CODE
Language code of text/sound track or separate title eng
050 04 - LIBRARY OF CONGRESS CALL NUMBER
Classification number 333.72 $2 18
110 1# - MAIN ENTRY--CORPORATE NAME
Corporate name or jurisdiction name as entry element United Kingdom
Subordinate unit Department for Business, Enterprise and Regulatory Reform
9 (RLIN) 5262
245 00 - TITLE STATEMENT
Title Strategy for sustainable construction
Medium [electronic resource]
260 ## - PUBLICATION, DISTRIBUTION, ETC.
Place of publication, distribution, etc. London
Name of publisher, distributor, etc. BERR
Date of publication, distribution, etc. 2008
520 ## - SUMMARY, ETC.
Summary, etc. The UK Government strategy report sets out new targets aimed at improving the productivity, efficiency and sustainability of the UK's construction sector. These ambitious targets include: recruiting 230,000 additional trained construction workers by 2010; reducing the number of work-related deaths by 10% year on year; increasing apprenticeships; cutting landfill waste by the sector by 50%. (See L139595).
521 2# - TARGET AUDIENCE NOTE
Target audience note Advanced
590 ## - LOCAL NOTE (RLIN)
Local note KA NTK
651 #4 - SUBJECT ADDED ENTRY--GEOGRAPHIC NAME
Geographic name England and Wales
Chronological subdivision 1543-
690 ## - LOCAL SUBJECT ADDED ENTRY--TOPICAL TERM (OCLC, RLIN)
Topical term or geographic name as entry element ENVIRONMENTAL AND LAND CONSULTANCY-SUSTAINABILITY-SUSTAINABLE DEVELOPMENT
710 1# - ADDED ENTRY--CORPORATE NAME
Corporate name or jurisdiction name as entry element United Kingdom
Subordinate unit Department for Communities and Local Government
9 (RLIN) 4939
856 40 - ELECTRONIC LOCATION AND ACCESS
Uniform Resource Identifier <a href="https://nds.coi.gov.uk/environment/fullDetail.asp?ReleaseID=370253&NewsAreaID=2&NavigatedFromDepartment=True">https://nds.coi.gov.uk/environment/fullDetail.asp?ReleaseID=370253&NewsAreaID=2&NavigatedFromDepartment=True</a>
Public note View the consultation paper free of charge at www.berr.gov.uk...
942 ## - ADDED ENTRY ELEMENTS (KOHA)
Suppress in OPAC 0
Holdings
Withdrawn status Lost status Source of classification or shelving scheme Damaged status Not for loan Home library Current library Shelving location Date acquired Total Checkouts Full call number Barcode Date last seen Copy number Price effective from Koha item type
    Dewey Decimal Classification     Virtual Virtual Online 12/06/2008   ONLINE PUBLICATION 144055-2001 06/08/2019 1 06/08/2019 Book